000
00289nas a2200121 4500
005
20211102115215.0
008
211102b ||||| |||| 00| 0 eng d
022
_a
0016-4437
040
_c
245
_a
Gandhi marg
260
_a
Gandhi Peace foundation
_b
Apr Sep 2020
942
_2
ddc
_c
PR
999
_c
220330
_d
220330